<The> Elderly population 1976 : estimates by county

Enregistré dans:
Détails bibliographiques
Format: Livre
Langue:anglais
Publié: Washington U. S. Department of health, educationaad welfare 1978
Tags: Ajouter un tag
Pas de tags, Soyez le premier à ajouter un tag!

MARC

LEADER 00000nam a2200000 4500
001 0216010
005 20240109104709.0
041 0 |a eng 
044 |a US 
245 1 0 |a <The> Elderly population  |b 1976 : estimates by county 
264 1 |a Washington  |b U. S. Department of health, educationaad welfare  |c 1978 
300 |a 162 s.